[Event "Uxbridge Major"]
[Site "Denham Grove"]
[Date "2010.03.20"]
[Round "3"]
[White "O'Gorman, Brendan"]
[Black "Jenkins, Graeme"]
[Result "1-0"]
[WhiteElo "1830"]
[BlackElo "1930"]
[PlyCount "61"]
[EventDate "2010.03.19"]
[EventType "swiss"]
[EventRounds "5"]
[EventCountry "ENG"]

1. Nf3 c5 2. c4 Nf6 3. Nc3 e6 4. g3 b6 5. Bg2 Bb7 6. O-O Be7 7. Re1 Nc6 8. e4
d6 9. d4 cxd4 10. Nxd4 Qd7 11. Be3 h5 12. h3 h4 13. g4 g6 14. Qd2 Ne5 15. b3
O-O-O 16. a4 Nc6 17. Nxc6 Qxc6 18. a5 Kd7 19. axb6 axb6 20. Ra7 Ke8 21. Rxb7
Qxb7 22. e5 Qd7 23. exf6 Bxf6 24. Bxb6 Rb8 25. Nd5 Bd8 26. Bxd8 Qxd8 27. Qc3 e5
28. c5 f6 29. c6 Qc8 30. Nxf6+ Kf7 31. Nd7 1-0

[Event "Uxbridge Major"]
[Site "Denham Grove"]
[Date "2010.03.20"]
[Round "3"]
[White "Osiyemi, Lara"]
[Black "Gill, Gursharanjit S"]
[Result "1-0"]
[WhiteElo "1962"]
[BlackElo "1522"]
[PlyCount "109"]
[EventDate "2010.03.19"]
[EventType "swiss"]
[EventRounds "5"]
[EventCountry "ENG"]

1. d4 e6 2. c4 d5 3. Nc3 Nf6 4. Bg5 Bb4 5. e3 Bxc3+ 6. bxc3 c6 7. Qc2 Nbd7 8.
Nf3 Qa5 9. Bxf6 Nxf6 10. Bd3 dxc4 11. Bxc4 Nd7 12. O-O O-O 13. Bd3 g6 14. e4 e5
15. Rab1 exd4 16. cxd4 Qd8 17. Rfe1 Nf6 18. e5 Nd5 19. Qd2 Kg7 20. Ng5 Rb8 21.
Ne4 Nc7 22. Bc4 Bf5 23. Nd6 Bxb1 24. Rxb1 Ne6 25. d5 cxd5 26. Bxd5 b6 27. g3
Nc7 28. Bb3 Ne8 29. Qf4 Nxd6 30. exd6 Qd7 31. Re1 Rfe8 32. Re7 Rxe7 33. dxe7
Qxe7 34. Qxb8 Qe1+ 35. Kg2 Qe4+ 36. Kh3 Qf5+ 37. g4 Qxf2 38. Qg3 Qxg3+ 39. Kxg3
g5 40. Kf3 f6 41. Ke4 Kf8 42. Kd5 Ke7 43. Kc6 Kd8 44. Kd6 Ke8 45. Ke6 f5 46.
Kxf5 Kf8 47. Kxg5 Kg7 48. h4 h6+ 49. Kf5 a5 50. Bc4 a4 51. h5 a3 52. Bb5 Kh7
53. Kf6 Kh8 54. Kg6 Kg8 55. Kxh6 1-0

[Event "Uxbridge Major"]
[Site "Denham Grove"]
[Date "2010.03.20"]
[Round "3"]
[White "Rahman, K Azizur"]
[Black "Connor, Michael I"]
[Result "0-1"]
[WhiteElo "1970"]
[BlackElo "1826"]
[PlyCount "36"]
[EventDate "2010.03.19"]
[EventType "swiss"]
[EventRounds "5"]
[EventCountry "ENG"]

1. c4 Nf6 2. Nc3 d5 3. d4 g6 4. cxd5 Nxd5 5. e4 Nxc3 6. bxc3 Bg7 7. Bc4 c5 8.
Ne2 O-O 9. O-O cxd4 10. cxd4 Nc6 11. Be3 Bg4 12. f3 Na5 13. Bxf7+ Rxf7 14. fxg4
Rxf1+ 15. Kxf1 Qc8 16. h3 Qc4 17. Qd2 Qa6 18. Kg1 Nb3 0-1

[Event "Uxbridge Major"]
[Site "Denham Grove"]
[Date "2010.03.20"]
[Round "3"]
[White "Sathiraju, Vijay"]
[Black "Boudkeev, Timour"]
[Result "0-1"]
[WhiteElo "1740"]
[BlackElo "1813"]
[PlyCount "72"]
[EventDate "2010.03.19"]
[EventType "swiss"]
[EventRounds "5"]
[EventCountry "ENG"]

1. d4 Nf6 2. c4 e6 3. a3 d5 4. e3 Be7 5. Nf3 O-O 6. Nc3 dxc4 7. Bxc4 c5 8. O-O
cxd4 9. exd4 Nbd7 10. Qd3 Nb6 11. Bb3 Bd7 12. Ne5 Rc8 13. Bc2 Bc6 14. Bg5 g6
15. Bh6 Re8 16. Rfe1 Nbd5 17. Ne2 Nd7 18. Nf3 N5f6 19. Ng3 Ng4 20. Bf4 Bd5 21.
Ne5 Ngxe5 22. dxe5 Bg5 23. Bxg5 Qxg5 24. Ba4 Nxe5 25. Qd4 Nc6 26. Qc5 Red8 27.
Rad1 Qh4 28. Bxc6 Rxc6 29. Qxa7 Rc2 30. Rd4 Qf6 31. Re2 Rc1+ 32. Nf1 Rdc8 33.
Rxd5 exd5 34. Qxb7 R1c2 35. Rxc2 Rxc2 36. Qxd5 Qxf2+ 0-1

[Event "Uxbridge Major"]
[Site "Denham Grove"]
[Date "2010.03.20"]
[Round "3"]
[White "Savage, Nicholas W"]
[Black "Summerscale, Claire E"]
[Result "1-0"]
[WhiteElo "1996"]
[BlackElo "1998"]
[PlyCount "45"]
[EventDate "2010.03.19"]
[EventType "swiss"]
[EventRounds "5"]
[EventCountry "ENG"]

1. d4 Nf6 2. c4 g6 3. Nc3 d5 4. Bg5 Ne4 5. Bh4 Nxc3 6. bxc3 dxc4 7. Qa4+ Qd7 8.
Qxc4 b5 9. Qd3 Bb7 10. Nf3 Bg7 11. e3 a6 12. Be2 c5 13. O-O Nc6 14. a4 c4 15.
Qb1 Na5 16. axb5 Nb3 17. bxa6 Bxa6 18. Rxa6 Rxa6 19. Bxc4 Rb6 20. Bxb3 Qb7 21.
Nd2 O-O 22. Bxe7 Rb8 23. Bb4 1-0

[Event "Uxbridge Major"]
[Site "Denham Grove"]
[Date "2010.03.20"]
[Round "3"]
[White "Silverman, Michael J"]
[Black "Jones, Steve"]
[Result "0-1"]
[WhiteElo "1690"]
[BlackElo "1830"]
[PlyCount "122"]
[EventDate "2010.03.19"]
[EventType "swiss"]
[EventRounds "5"]
[EventCountry "ENG"]

1. e4 c5 2. d4 cxd4 3. c3 dxc3 4. Nxc3 g6 5. Nf3 Bg7 6. Bc4 Qc7 7. Qb3 e6 8.
O-O Nc6 9. Bd3 a6 10. Be3 b5 11. Rac1 Nge7 12. Ne2 O-O 13. Ned4 Qb7 14. Nxc6
dxc6 15. Bc5 Re8 16. Bd4 Bd7 17. Bxg7 Kxg7 18. Qc3+ f6 19. Be2 Red8 20. Rfd1
Be8 21. b4 e5 22. Nh4 Rd7 23. Qg3 Rad8 24. Rxd7 Rxd7 25. Nf5+ Nxf5 26. exf5 Rd2
27. Bd3 Qd7 28. Bf1 Qxf5 29. a3 Qf4 30. Qxf4 exf4 31. Re1 Kf7 32. Ra1 Bd7 33.
f3 g5 34. a4 Rb2 35. axb5 axb5 36. Rd1 Be6 37. Rd4 h5 38. Rd6 Rxb4 39. Rxc6 Rb1
40. Kf2 Rb2+ 41. Kg1 Ke7 42. Rc1 Kd6 43. Bd3 b4 44. Bb5 Bd5 45. Bd3 g4 46. Rd1
Kc5 47. Rc1+ Kd4 48. Rd1 Kc3 49. Bg6 Rd2 50. Rc1+ Kd4 51. Bxh5 gxf3 52. Bxf3
Bxf3 53. gxf3 Ke3 54. h4 b3 55. h5 b2 56. Rb1 Rc2 57. Re1+ Kxf3 58. Rf1+ Kg3
59. h6 Rc1 60. h7 Rxf1+ 61. Kxf1 b1=Q+ 0-1

[Event "Uxbridge Major"]
[Site "Denham Grove"]
[Date "2010.03.20"]
[Round "3"]
[White "Turner, David J"]
[Black "Kane, Robert"]
[Result "1-0"]
[WhiteElo "1825"]
[BlackElo "1885"]
[PlyCount "85"]
[EventDate "2010.03.19"]
[EventType "swiss"]
[EventRounds "5"]
[EventCountry "ENG"]

1. d3 d5 2. Nf3 Nf6 3. g3 Bf5 4. Nbd2 e6 5. Bg2 c6 6. c3 Nbd7 7. b4 a5 8. b5
cxb5 9. Nd4 Qb6 10. Nxf5 exf5 11. O-O h5 12. Nf3 Bd6 13. Rb1 h4 14. Be3 Qc7 15.
Nd4 Ng4 16. Nxb5 Qc6 17. Nxd6+ Qxd6 18. Bf4 Qf6 19. e4 g5 20. Bc7 Nxh2 21. Re1
f4 22. e5 Qh6 23. g4 f3 24. Bh3 Rc8 25. Bxa5 Qa6 26. Kxh2 Qxa5 27. e6 Qc7+ 28.
Kh1 Nf6 29. Qxf3 Qf4 30. Qxf4 gxf4 31. Rxb7 O-O 32. exf7+ Rxf7 33. Rxf7 Kxf7
34. g5 Re8 35. Rb1 Nh7 36. Bg4 Nxg5 37. Bh5+ Kf8 38. Bxe8 Kxe8 39. Rb5 Ke7 40.
Rxd5 Nf3 41. a4 Ke6 42. c4 h3 43. a5 1-0

[Event "Uxbridge Major"]
[Site "Denham Grove"]
[Date "2010.03.20"]
[Round "3"]
[White "Watson, Darrell A"]
[Black "Du Plessis, Jacques"]
[Result "0-1"]
[WhiteElo "1623"]
[BlackElo "1650"]
[PlyCount "74"]
[EventDate "2010.03.19"]
[EventType "swiss"]
[EventRounds "5"]
[EventCountry "ENG"]

1. e4 c5 2. Nf3 d6 3. g3 Nc6 4. Bg2 Nf6 5. d3 g6 6. O-O Bg7 7. Nbd2 O-O 8. Nc4
b5 9. Ne3 Rb8 10. Ne1 Ne5 11. f4 Neg4 12. Rb1 Nxe3 13. Bxe3 Ng4 14. Bf2 Nxf2
15. Kxf2 Bd4+ 16. Ke2 Bg7 17. Nf3 Qa5 18. a3 c4 19. Kf2 cxd3 20. cxd3 Qb6+ 21.
Ke1 b4 22. a4 b3 23. Rf2 Ba6 24. Bf1 Rfc8 25. d4 Bxf1 26. Kxf1 Rc4 27. Rd2 Rbc8
28. e5 dxe5 29. Nxe5 Rc2 30. h4 Bxe5 31. fxe5 Qc6 32. d5 Qxa4 33. h5 Qe4 34. e6
Rxd2 35. exf7+ Kxf7 36. hxg6+ hxg6 37. Qxd2 Qxb1+ 0-1

[Event "Uxbridge Major"]
[Site "Denham Grove"]
[Date "2010.03.21"]
[Round "4"]
[White "Banda, Graham"]
[Black "Sathiraju, Vijay"]
[Result "0-1"]
[WhiteElo "1690"]
[BlackElo "1740"]
[PlyCount "82"]
[EventDate "2010.03.19"]
[EventType "swiss"]
[EventRounds "5"]
[EventCountry "ENG"]

1. e4 e6 2. d4 d5 3. e5 c5 4. c3 Qb6 5. Nf3 Nc6 6. Be2 Nh6 7. a4 Bd7 8. O-O
cxd4 9. a5 Nxa5 10. b4 Nc4 11. Bxc4 dxc4 12. Nxd4 Nf5 13. Na3 Rc8 14. Nxf5 exf5
15. Be3 Qe6 16. Bxa7 Be7 17. Qf3 Bc6 18. Qf4 b5 19. Nc2 g5 20. Qd2 Rd8 21. Qe2
Qd5 22. Ne3 Qe6 23. Bd4 f4 24. Nc2 Qd5 25. f3 O-O 26. Ra7 Rd7 27. e6 fxe6 28.
Rxd7 Bxd7 29. Rd1 Qf5 30. Be5 Be8 31. Nd4 Qg6 32. Bc7 Kf7 33. Qe5 Bd7 34. Nxb5
Bxb5 35. Qxb5 Qc2 36. Qd7 Qxc3 37. b5 Qe3+ 38. Kh1 c3 39. Bd6 Re8 40. Qc7 Qe2
41. Rc1 Qxb5 0-1

[Event "Uxbridge Major"]
[Site "Denham Grove"]
[Date "2010.03.21"]
[Round "4"]
[White "Boudkeev, Timour"]
[Black "Turner, David J"]
[Result "1-0"]
[WhiteElo "1813"]
[BlackElo "1825"]
[PlyCount "55"]
[EventDate "2010.03.19"]
[EventType "swiss"]
[EventRounds "5"]
[EventCountry "ENG"]

1. d4 Nf6 2. c4 c5 3. e3 g6 4. Nc3 Bg7 5. Nf3 O-O 6. Be2 Nc6 7. O-O b6 8. Qc2
Bb7 9. a3 Qb8 10. d5 Ne5 11. Nxe5 Qxe5 12. f4 Qb8 13. e4 d6 14. f5 a6 15. g4 b5
16. g5 Nd7 17. h4 Bd4+ 18. Kg2 Ne5 19. cxb5 axb5 20. Nxb5 e6 21. fxe6 fxe6 22.
Bf4 exd5 23. Nxd4 cxd4 24. Bxe5 dxe5 25. Rxf8+ Qxf8 26. Qc7 Qg7 27. Rc1 Rb8 28.
Qxb8+ 1-0

[Event "Uxbridge Major"]
[Site "Denham Grove"]
[Date "2010.03.21"]
[Round "4"]
[White "Colter, Nigel"]
[Black "Greatorex, Roger"]
[Result "1-0"]
[WhiteElo "1804"]
[BlackElo "1954"]
[PlyCount "113"]
[EventDate "2010.03.19"]
[EventType "swiss"]
[EventRounds "5"]
[EventCountry "ENG"]

1. d4 Nf6 2. Nf3 g6 3. Bf4 Bg7 4. e3 O-O 5. Be2 d6 6. h3 Nbd7 7. O-O c5 8. c3
Qb6 9. Qc2 cxd4 10. exd4 Nd5 11. Bh2 N7f6 12. Nbd2 Bf5 13. Qb3 Rac8 14. Rfe1
Qxb3 15. axb3 a6 16. b4 Bd7 17. Bc4 Rfe8 18. g4 h6 19. Ra5 Nb6 20. Bb3 Bb5 21.
Raa1 Nh7 22. Bg3 Kf8 23. Kh2 Bc6 24. Re3 Bf6 25. Bf4 Kg7 26. h4 g5 27. Bg3 Bd5
28. Bxd5 Nxd5 29. Ree1 Nf4 30. Bxf4 gxf4 31. Ne4 d5 32. Nxf6 Nxf6 33. Ne5 Ne4
34. f3 Nd2 35. Re2 Nc4 36. Nd3 Nd6 37. Nxf4 e6 38. Rae1 Kf6 39. Nd3 Rg8 40. Ne5
Rc7 41. Rg2 Nc4 42. Nxc4 Rxc4 43. Re5 Rcc8 44. Kh3 Rg7 45. f4 Rcg8 46. f5 exf5
47. Rxf5+ Ke6 48. Re2+ Kd6 49. Rf4 Rg6 50. Re5 f6 51. Ref5 Rf8 52. h5 Rg7 53.
Rxf6+ Rxf6 54. Rxf6+ Ke7 55. Rxh6 Rf7 56. Kg3 Kd7 57. g5 1-0

[Event "Uxbridge Major"]
[Site "Denham Grove"]
[Date "2010.03.21"]
[Round "4"]
[White "Connor, Michael I"]
[Black "Adcock, Jamie"]
[Result "0-1"]
[WhiteElo "1826"]
[BlackElo "1858"]
[PlyCount "82"]
[EventDate "2010.03.19"]
[EventType "swiss"]
[EventRounds "5"]
[EventCountry "ENG"]

1. d4 d5 2. c4 dxc4 3. e4 e5 4. Nf3 exd4 5. Qxd4 Qxd4 6. Nxd4 Nf6 7. f3 Bc5 8.
Nc2 Be6 9. Nc3 Na6 10. a3 O-O-O 11. Be2 h6 12. Be3 Bxe3 13. Nxe3 Nc5 14. Nxc4
Nd3+ 15. Bxd3 Rxd3 16. Ne5 Rdd8 17. Rc1 Nd7 18. Nd3 Bc4 19. Nf4 Nb6 20. b4 Rhe8
21. Nfe2 Rd7 22. O-O Red8 23. Rfe1 Rd2 24. Kf2 a6 25. a4 R8d6 26. a5 Nd7 27.
Nb1 Rxe2+ 28. Rxe2 Bxe2 29. Kxe2 Rd4 30. b5 axb5 31. Nc3 Rb4 32. Nd5 Rb2+ 33.
Kf1 c5 34. Ne7+ Kc7 35. Nf5 c4 36. Nxg7 Ne5 37. Ne8+ Kc6 38. Nf6 Nd3 39. Rc3
Kc5 40. Ra3 b4 41. Ra1 c3 0-1

[Event "Uxbridge Major"]
[Site "Denham Grove"]
[Date "2010.03.21"]
[Round "4"]
[White "Corcoran, Gary"]
[Black "Dean, Michael"]
[Result "1-0"]
[WhiteElo "1866"]
[BlackElo "1691"]
[PlyCount "81"]
[EventDate "2010.03.19"]
[EventType "swiss"]
[EventRounds "5"]
[EventCountry "ENG"]

1. e4 e5 2. Nf3 Nc6 3. d4 exd4 4. Bc4 Be7 5. Nxd4 d6 6. Nc3 Nf6 7. f4 O-O 8. a3
Nxd4 9. Qxd4 Be6 10. Bxe6 fxe6 11. O-O b6 12. Qd3 Qe8 13. Rf3 d5 14. e5 Bc5+
15. Be3 Bxe3+ 16. Rxe3 Nh5 17. g3 c5 18. Rf3 c4 19. Qe2 Qe7 20. Raf1 g6 21. Qf2
Rf7 22. Nb5 Qc5 23. Nd6 Qxf2+ 24. R1xf2 Rff8 25. g4 Ng7 26. f5 exf5 27. gxf5
Nxf5 28. Nxf5 Rxf5 29. Rxf5 gxf5 30. Rxf5 Rf8 31. Rxf8+ Kxf8 32. Kf2 Ke7 33.
Ke3 Ke6 34. Kd4 h5 35. a4 h4 36. b4 cxb3 37. cxb3 a5 38. h3 Kd7 39. Kxd5 Ke7
40. e6 Kd8 41. Kd6 1-0

[Event "Uxbridge Major"]
[Site "Denham Grove"]
[Date "2010.03.21"]
[Round "4"]
[White "Du Plessis, Jacques"]
[Black "Anderson, Thomas R"]
[Result "0-1"]
[WhiteElo "1650"]
[BlackElo "1930"]
[PlyCount "76"]
[EventDate "2010.03.19"]
[EventType "swiss"]
[EventRounds "5"]
[EventCountry "ENG"]

1. c4 e6 2. g3 f5 3. Bg2 Nf6 4. Nc3 Be7 5. e3 O-O 6. Nge2 d6 7. b3 Na6 8. Bb2
c6 9. d4 Nc7 10. O-O Rb8 11. Ba3 b5 12. cxb5 cxb5 13. Bb2 Bb7 14. Rc1 Bxg2 15.
Kxg2 Qd7 16. Nf4 Rfc8 17. Qf3 b4 18. Nb1 Ne4 19. Qe2 g5 20. f3 Nf6 21. Nd3 a5
22. e4 Nb5 23. Qe3 Nh5 24. exf5 exf5 25. d5 Re8 26. Qd2 h6 27. h4 Qd8 28. g4
Ng7 29. Rce1 Qd7 30. hxg5 hxg5 31. Kg3 Rf8 32. Rxe7 f4+ 33. Nxf4 gxf4+ 34. Qxf4
Qxe7 35. Qh6 Nc3 36. Nxc3 Qe5+ 37. f4 Qe3+ 38. Rf3 Qg1+ 0-1

[Event "Uxbridge Major"]
[Site "Denham Grove"]
[Date "2010.03.21"]
[Round "4"]
[White "Jackson, Paul G"]
[Black "Booley, Graham M"]
[Result "1/2-1/2"]
[WhiteElo "1861"]
[BlackElo "1906"]
[PlyCount "56"]
[EventDate "2010.03.19"]
[EventType "swiss"]
[EventRounds "5"]
[EventCountry "ENG"]

1. d4 d5 2. c4 e6 3. Nc3 c5 4. cxd5 exd5 5. Nf3 Nc6 6. g3 Nf6 7. Bg2 Be7 8. O-O
O-O 9. Bg5 cxd4 10. Nxd4 h6 11. Be3 Re8 12. Qa4 Bd7 13. Rfd1 Bc5 14. Qc2 Ng4
15. Nxd5 Nxe3 16. fxe3 b6 17. Nb3 Bf8 18. Rd2 Rc8 19. Qd1 Qg5 20. e4 Be6 21.
Rc1 Ne5 22. Rdc2 Rxc2 23. Rxc2 Bxd5 24. exd5 Qe3+ 25. Kh1 Ng4 26. Qd4 Nf2+ 27.
Kg1 Nd1+ 28. Qxe3 Nxe3 1/2-1/2

[Event "Uxbridge Major"]
[Site "Denham Grove"]
[Date "2010.03.21"]
[Round "4"]
[White "Jeffries, Majid"]
[Black "Savage, Nicholas W"]
[Result "1/2-1/2"]
[WhiteElo "1995"]
[BlackElo "1996"]
[PlyCount "67"]
[EventDate "2010.03.19"]
[EventType "swiss"]
[EventRounds "5"]
[EventCountry "ENG"]

1. Nf3 Nf6 2. c4 c5 3. g3 d5 4. cxd5 Nxd5 5. Nc3 Nc6 6. Bg2 Nc7 7. O-O e5 8. d3
Be7 9. Be3 O-O 10. Rc1 Bd7 11. Na4 b6 12. Nc3 Rc8 13. a4 f6 14. Nd2 Kh8 15. Nd5
Nxd5 16. Bxd5 Bh3 17. Bg2 Bxg2 18. Kxg2 Qd5+ 19. f3 Rfd8 20. Qb3 Qxb3 21. Nxb3
Nd4 22. Bxd4 exd4 23. Rc2 Kg8 24. Ra1 Kf7 25. Nd2 Ke6 26. Re1 Re8 27. Nc4 Kd7
28. Kf2 Bf8 29. h4 Rc6 30. f4 h5 31. Kf3 a6 32. Ra1 Kc7 33. Re1 Rce6 34. Kf2
1/2-1/2

[Event "Uxbridge Major"]
[Site "Denham Grove"]
[Date "2010.03.21"]
[Round "4"]
[White "Jenkins, Graeme"]
[Black "Fisher, Robert"]
[Result "0-1"]
[WhiteElo "1930"]
[BlackElo "1818"]
[PlyCount "92"]
[EventDate "2010.03.19"]
[EventType "swiss"]
[EventRounds "5"]
[EventCountry "ENG"]

1. e4 d6 2. d4 Nf6 3. Nc3 g6 4. f3 Bg7 5. Be3 Nc6 6. Qd2 O-O 7. O-O-O a5 8. Bh6
Ne8 9. h4 f6 10. Bxg7 Nxg7 11. Bc4+ e6 12. Nh3 a4 13. g4 Na5 14. Be2 c6 15.
Rdg1 b5 16. h5 g5 17. f4 h6 18. fxg5 fxg5 19. Rf1 Bd7 20. Rxf8+ Qxf8 21. e5 d5
22. Rf1 Qe7 23. Rf6 Nc4 24. Bxc4 bxc4 25. Rxh6 Rf8 26. Qe2 a3 27. b3 cxb3 28.
cxb3 c5 29. Qd3 Nf5 30. gxf5 Rxf5 31. Rg6+ Kh8 32. Rh6+ Kg8 33. Rf6 c4 34. bxc4
g4 35. Rg6+ Kh8 36. Rxg4 Qb4 37. Qd2 Rf1+ 38. Kc2 Qb2+ 39. Kd3 dxc4+ 40. Ke3
Rf3+ 41. Ke2 Rxc3 42. Ng5 Rc2 43. Nf7+ Kh7 44. Ng5+ Kh6 45. Nf3+ Rxd2+ 46. Nxd2
c3 0-1

[Event "Uxbridge Major"]
[Site "Denham Grove"]
[Date "2010.03.21"]
[Round "4"]
[White "Jones, Steve"]
[Black "Watson, Darrell A"]
[Result "1-0"]
[WhiteElo "1830"]
[BlackElo "1623"]
[PlyCount "61"]
[EventDate "2010.03.19"]
[EventType "swiss"]
[EventRounds "5"]
[EventCountry "ENG"]

1. d4 Nf6 2. Nf3 g6 3. e3 Bg7 4. Bd3 O-O 5. O-O d6 6. Nbd2 Nbd7 7. b3 c5 8. c3
b6 9. Qe2 e5 10. Ne4 Nxe4 11. Bxe4 Rb8 12. Rd1 Nf6 13. Bc2 e4 14. Nd2 Bg4 15.
f3 exf3 16. gxf3 Bh3 17. Qf2 Nh5 18. Ne4 cxd4 19. cxd4 Rc8 20. Ba3 Bh6 21. Nxd6
Bxe3 22. Qxe3 Rxc2 23. Rd2 Rxd2 24. Qxd2 Qh4 25. Re1 Nf4 26. Ne4 Rd8 27. Ng3
Bf5 28. Be7 Rxd4 29. Qb2 Nd3 30. Bxh4 Nxb2 31. Bf6 1-0

[Event "Uxbridge Major"]
[Site "Denham Grove"]
[Date "2010.03.21"]
[Round "4"]
[White "Kane, Robert"]
[Black "Liu, Tomin"]
[Result "1-0"]
[WhiteElo "1885"]
[BlackElo "1818"]
[PlyCount "39"]
[EventDate "2010.03.19"]
[EventType "swiss"]
[EventRounds "5"]
[EventCountry "ENG"]

1. d4 d5 2. c4 c6 3. cxd5 cxd5 4. Nc3 Nf6 5. Nf3 Nc6 6. Bf4 a6 7. e3 e6 8. Bd3
Nb4 9. Bb1 Be7 10. Ne5 h6 11. g4 Bd7 12. h4 Nc6 13. Rg1 Nh7 14. g5 hxg5 15. Qh5
Nxe5 16. Bxe5 Kf8 17. Bxh7 f6 18. hxg5 fxe5 19. Qf3+ Bf6 20. Bg6 1-0

[Event "Uxbridge Major"]
[Site "Denham Grove"]
[Date "2010.03.21"]
[Round "4"]
[White "Lawrence, David J"]
[Black "Healeas, Simon"]
[Result "0-1"]
[WhiteElo "1722"]
[BlackElo "1850"]
[PlyCount "102"]
[EventDate "2010.03.19"]
[EventType "swiss"]
[EventRounds "5"]
[EventCountry "ENG"]

1. d4 Nf6 2. c4 g6 3. Nc3 Bg7 4. Nf3 d6 5. Bg5 O-O 6. e3 Na6 7. Be2 c5 8. O-O
h6 9. Bh4 Bf5 10. Bd3 Bxd3 11. Qxd3 Rc8 12. d5 Nc7 13. Rfe1 a6 14. Rab1 b5 15.
Bxf6 Bxf6 16. cxb5 axb5 17. Nxb5 Nxb5 18. Qxb5 Rb8 19. Qe2 Qa5 20. b3 Qa3 21.
Qc2 Ra8 22. Re2 Rfb8 23. Qc1 Qa6 24. Rc2 Qd3 25. Qd1 Qf5 26. Rbc1 Rb4 27. Qd2
Ra3 28. Rc4 Rxc4 29. Rxc4 Qb1+ 30. Rc1 Qxa2 31. Qxa2 Rxa2 32. Rb1 Bc3 33. Kf1
Kg7 34. Ne1 Rd2 35. e4 Bd4 36. Nf3 Rxf2+ 37. Ke1 Rxg2 38. Kd1 Bc3 39. Rc1 Bb4
40. Rc2 Rxc2 41. Kxc2 Kf6 42. Kd3 g5 43. h3 h5 44. Ke3 Bc3 45. Kd3 Be5 46. Ke3
Bg3 47. Ke2 g4 48. hxg4 hxg4 49. Nd2 Ke5 50. Kd3 Kf4 51. Ke2 Bh4 0-1

[Event "Uxbridge Major"]
[Site "Denham Grove"]
[Date "2010.03.21"]
[Round "4"]
[White "O'Gorman, Brendan"]
[Black "Brady, David"]
[Result "1-0"]
[WhiteElo "1830"]
[BlackElo "1890"]
[PlyCount "71"]
[EventDate "2010.03.19"]
[EventType "swiss"]
[EventRounds "5"]
[EventCountry "ENG"]

1. Nf3 Nf6 2. c4 c6 3. g3 g6 4. Bg2 Bg7 5. O-O O-O 6. Nc3 d6 7. d4 Nbd7 8. e4
e5 9. h3 Qc7 10. Be3 Re8 11. d5 h6 12. b4 Rf8 13. Qd2 Kh7 14. Rfd1 Ne8 15. c5
dxc5 16. d6 Qd8 17. bxc5 f5 18. exf5 gxf5 19. Nh4 Qf6 20. Nxf5 Qe6 21. Be4 Rxf5
22. Qc2 Ndf6 23. g4 Nxe4 24. Qxe4 Qg6 25. d7 Bxd7 26. Rxd7 Rf7 27. Rxf7 Nf6 28.
Qxg6+ Kxg6 29. Rxb7 Nd5 30. Nxd5 cxd5 31. c6 d4 32. c7 Rc8 33. Rc1 dxe3 34. Rb8
Rxc7 35. Rxc7 e2 36. Rxg7+ 1-0

[Event "Uxbridge Major"]
[Site "Denham Grove"]
[Date "2010.03.21"]
[Round "4"]
[White "Ociepka, Dominika"]
[Black "Silverman, Michael J"]
[Result "1/2-1/2"]
[WhiteElo "1401"]
[BlackElo "1690"]
[PlyCount "102"]
[EventDate "2010.03.19"]
[EventType "swiss"]
[EventRounds "5"]
[EventCountry "ENG"]

1. e4 d5 2. exd5 Nf6 3. Nc3 Nxd5 4. d4 Nf6 5. Nf3 Bg4 6. Be2 e6 7. O-O Be7 8.
Be3 O-O 9. h3 Bh5 10. g4 Bg6 11. Ne5 Nd5 12. Nxd5 exd5 13. f4 Be4 14. Bd3 Nd7
15. Bxe4 dxe4 16. Qe2 f6 17. Qc4+ Kh8 18. Nf7+ Rxf7 19. Qxf7 Nb6 20. Qe6 Qf8
21. b3 c6 22. Qxe4 Re8 23. Qd3 Nd5 24. Rae1 Nb4 25. Qd2 Nxa2 26. c3 Nxc3 27.
Qxc3 Bb4 28. Qd3 Bxe1 29. Rxe1 Qf7 30. Qc4 Qd7 31. Kf2 h6 32. Rd1 Qe7 33. Rd3
Qe4 34. d5 Qh1 35. d6 Qh2+ 36. Ke1 Qg3+ 37. Kd2 Qg2+ 38. Kc3 b5 39. Qf7 Re4 40.
b4 Rc4+ 41. Qxc4 bxc4 42. Rd4 Qe2 43. d7 Qxe3+ 44. Kxc4 Qc1+ 45. Kd3 Qd1+ 46.
Ke4 Qc2+ 47. Rd3 Qc4+ 48. Ke3 Qc1+ 49. Kf3 Qf1+ 50. Ke4 Qe2+ 51. Kd4 Qb2+
1/2-1/2

[Event "Uxbridge Major"]
[Site "Denham Grove"]
[Date "2010.03.21"]
[Round "4"]
[White "Pataki, Zemplen"]
[Black "Clayton, Tristan"]
[Result "1-0"]
[WhiteElo "1749"]
[BlackElo "1751"]
[PlyCount "141"]
[EventDate "2010.03.19"]
[EventType "swiss"]
[EventRounds "5"]
[EventCountry "ENG"]

1. e4 c6 2. d4 d5 3. exd5 cxd5 4. Bd3 Nf6 5. c3 g6 6. Bf4 Nbd7 7. h3 Bg7 8. Nf3
Nh5 9. Bh2 O-O 10. Nbd2 Re8 11. O-O Nf8 12. Ne5 Nd7 13. f4 Nxe5 14. fxe5 Bh6
15. Nf3 Ng7 16. Nh4 Rf8 17. Kh1 Bd7 18. Qe1 Ne6 19. Bg1 Nf4 20. Bc2 Bb5 21. Rf3
Be2 22. Rf2 Bb5 23. Rd1 e6 24. Nf3 Nh5 25. Bh2 a5 26. a4 Ba6 27. g3 Rc8 28. Kg2
Rc6 29. Bg1 Qe7 30. Nh2 Qg5 31. Ng4 Kh8 32. Bh2 Bg7 33. Qe3 Qxe3 34. Nxe3 Bh6
35. Ng4 Bg7 36. Bg1 Rc7 37. Rfd2 Kg8 38. Be3 f5 39. exf6 Nxf6 40. Nh6+ Kh8 41.
Rf2 Ne4 42. Rxf8+ Bxf8 43. Bxe4 dxe4 44. Bf4 Rd7 45. Be5+ Bg7 46. Bxg7+ Kxg7
47. Ng4 Be2 48. Re1 Bxg4 49. hxg4 e5 50. Rxe4 exd4 51. Rxd4 Re7 52. Kf3 Rf7+
53. Ke3 b6 54. Rd6 Rb7 55. c4 Kf7 56. Kd4 Ke7 57. Kd5 Rb8 58. g5 Rb7 59. Kc6
Rb8 60. Rd7+ Ke6 61. Kc7 Ra8 62. Rd6+ Kf5 63. Rd5+ Ke4 64. Rb5 Kd4 65. b3 h5
66. gxh6 Rh8 67. Kxb6 Rxh6 68. Kxa5 Kc3 69. g4 Rh8 70. g5 Rh5 71. Kb6 1-0

[Event "Uxbridge Major"]
[Site "Denham Grove"]
[Date "2010.03.21"]
[Round "4"]
[White "Staples, Daniel J"]
[Black "Farthing, Andrew"]
[Result "1-0"]
[WhiteElo "1954"]
[BlackElo "1818"]
[PlyCount "101"]
[EventDate "2010.03.19"]
[EventType "swiss"]
[EventRounds "5"]
[EventCountry "ENG"]

1. e4 c5 2. Nf3 a6 3. g3 b5 4. Bg2 Bb7 5. d3 Nc6 6. O-O g6 7. Nbd2 Bg7 8. c3 d6
9. Nb3 Nf6 10. e5 Nxe5 11. Nxe5 Bxg2 12. Kxg2 dxe5 13. Nxc5 O-O 14. Qf3 Qd6 15.
Ne4 Nxe4 16. dxe4 Rfd8 17. Be3 Qc7 18. Rfd1 Rd6 19. Rxd6 exd6 20. h4 h6 21. Qd1
Qc6 22. Qd3 Rd8 23. Rd1 Kf8 24. f3 h5 25. Kf2 Rd7 26. Qd5 Qxd5 27. Rxd5 Ke7 28.
Ke2 Rc7 29. g4 Bf6 30. g5 Bg7 31. Kd3 Kd7 32. a4 bxa4 33. Ra5 Rc6 34. Rxa4 Kc8
35. b4 Kd7 36. c4 Bf8 37. b5 axb5 38. cxb5 Rc7 39. b6 Rb7 40. Kc4 Kc6 41. Ra7
Be7 42. Rxb7 Kxb7 43. Kd5 Bf8 44. f4 exf4 45. Bxf4 Kxb6 46. Bxd6 Bg7 47. e5 Kb5
48. Bc5 Ka4 49. e6 fxe6+ 50. Kxe6 Bc3 51. Bf2 1-0

[Event "Uxbridge Major"]
[Site "Denham Grove"]
[Date "2010.03.21"]
[Round "5"]
[White "Adcock, Jamie"]
[Black "Jeffries, Majid"]
[Result "1/2-1/2"]
[WhiteElo "1858"]
[BlackElo "1995"]
[PlyCount "30"]
[EventDate "2010.03.19"]
[EventType "swiss"]
[EventRounds "5"]
[EventCountry "ENG"]

1. d4 Nf6 2. c4 e6 3. Nc3 d5 4. Bg5 Be7 5. e3 Nbd7 6. cxd5 exd5 7. Bd3 c6 8.
Qc2 O-O 9. Nge2 h6 10. Bh4 Ne8 11. Bg3 Bd6 12. O-O Bxg3 13. Nxg3 Nd6 14. Rac1
Nf6 15. Rfe1 Re8 1/2-1/2

[Event "Uxbridge Major"]
[Site "Denham Grove"]
[Date "2010.03.21"]
[Round "5"]
[White "Anderson, Thomas R"]
[Black "Staples, Daniel J"]
[Result "1/2-1/2"]
[WhiteElo "1930"]
[BlackElo "1954"]
[PlyCount "34"]
[EventDate "2010.03.19"]
[EventType "swiss"]
[EventRounds "5"]
[EventCountry "ENG"]

1. d4 d6 2. c4 e5 3. Nf3 e4 4. Ng5 f5 5. Nc3 Be7 6. Nd5 Bxg5 7. Bxg5 Qxg5 8.
Nxc7+ Kf8 9. Nxa8 Qd8 10. Qa4 Na6 11. Qa3 Be6 12. e3 Qxa8 13. Qxd6+ Kf7 14. d5
Bc8 15. c5 Qb8 16. Qxb8 Nxb8 17. b4 Nd7 1/2-1/2